[Event "Daehne Cup Region II"]
[Site "Neustadt"]
[Date "2013.04.20"]
[Round "1"]
[White "Braun, Alexander"]
[Black "Kostka, Dietrich"]
[Result "1-0"]
[WhiteElo "1661"]
[BlackElo "1692"]
[PlyCount "143"]
[EventDate "2013.04.20"]
[EventType "k.o."]
[EventRounds "4"]
[EventCountry "GER"]
[SourceTitle "EXT 2022"]
[Source "ChessBase"]
[SourceDate "2021.10.06"]
[SourceVersion "1"]
[SourceVersionDate "2021.10.06"]
[SourceQuality "1"]

1. d4 Nf6 2. c4 c6 3. Nf3 d5 4. Nc3 e6 5. Bg5 Be7 6. e3 Nbd7 7. Qc2 b6 8. Bd3 dxc4 9. Bxc4 Bb7 10. e4 Rc8 11. e5 Nd5 12. Bxe7 Qxe7 13. 0-0 Nxc3 14. bxc3 0-0 15. Qe4 Rfd8 16. Rfe1 Nf8 17. Qg4 c5 18. Bd3 Bxf3 19. gxf3 cxd4 20. cxd4 Qb4 21. Rad1 Rd7 22. Kh1 g6 23. Re4 Qb2 24. h4 h5 25. Qf4 Rcd8 26. Bb1 Qxf2 27. Rg1 Rxd4 28. Rxd4 Rxd4 29. Be4 Rd2 30. a4 Ra2 31. Bc6 Qd2 32. Qxd2 Rxd2 33. a5 Rc2 34. Be4 bxa5 35. Bxc2 Nd7 36. f4 Kf8 37. Ra1 Nb6 38. Rxa5 Nd5 39. Rxa7 Nxf4 40. Be4 Ne2 41. Kh2 Nc3 42. Bc6 Ne2 43. Kh3 Nd4 44. Be4 Nb3 45. Bb1 Nd4 46. Be4 Nb5 47. Rb7 Nc3 48. Bf3 Na4 49. Kg3 Nc5 50. Ra7 Nd3 51. Ra5 Ke7 52. Be4 Nb2 53. Ra7+ Kf8 54. Kf4 Nc4 55. Rc7 Nd2 56. Bh1 Nb3 57. Kg5 Kg7 58. Be4 Nd4 59. Bxg6 Nf3+ 60. Kxh5 Nxe5 61. Be4 Kf6 62. Kh6 Ng4+ 63. Kh7 Nf2 64. Bf3 Nd3 65. Kg8 Ne5 66. Bh5 Kf5 67. Bxf7 Ng4 68. Bxe6+ Kxe6 69. Kg7 Ne3 70. Rc5 Ng4 71. h5 Kd6 72. Rg5 1-0

[Event "Daehne Cup Region III"]
[Site "Neustadt"]
[Date "2012.05.12"]
[Round "1"]
[White "Stoy, Ulf"]
[Black "Kostka, Dietrich"]
[Result "1-0"]
[WhiteElo "1978"]
[BlackElo "1689"]
[PlyCount "93"]
[EventDate "2012.05.12"]
[EventType "k.o."]
[EventRounds "4"]
[EventCountry "GER"]
[SourceTitle "EXT 2022"]
[Source "ChessBase"]
[SourceDate "2021.10.06"]
[SourceVersion "1"]
[SourceVersionDate "2021.10.06"]
[SourceQuality "1"]

1. c4 Nf6 2. Nc3 e6 3. e4 d6 4. d4 Nbd7 5. f4 c5 6. d5 exd5 7. exd5 Nb6 8. Bd3 Qe7+ 9. Qe2 Qxe2+ 10. Ngxe2 Bd7 11. b3 g6 12. Bb2 Bg7 13. h3 0-0-0 14. g4 Rhe8 15. Kd2 Re7 16. Rae1 Rde8 17. Ng3 Rxe1 18. Rxe1 Rxe1 19. Kxe1 a6 20. Nce2 Kd8 21. g5 Ne8 22. Bxg7 Nxg7 23. h4 Bg4 24. Nc3 Ke7 25. Kf2 Nd7 26. Ke3 f6 27. Nce4 Nf5+ 28. Nxf5+ Bxf5 29. Nf2 Bxd3 30. Kxd3 f5 31. a4 a5 32. Nd1 Nb8 33. Nc3 Na6 34. Nb5 Kd7 35. Ke3 Nb4 36. Kd2 Na6 37. h5 Nc7 38. Nc3 Ke7 39. h6 Kf7 40. Ke3 Na6 41. Nb5 Ke7 42. Nc3 Nc7 43. Ne2 Kd7 44. Ng3 Ke7 45. Nxf5+ gxf5 46. g6 Ne8 47. gxh7 1-0

[Event "Daehne Cup Region III"]
[Site "Neustadt"]
[Date "2011.04.03"]
[Round "4"]
[White "Rohn, Oleg"]
[Black "Kostka, Dietrich"]
[Result "0-1"]
[WhiteElo "1639"]
[BlackElo "1649"]
[PlyCount "154"]
[EventDate "2011.03.27"]
[EventType "k.o."]
[EventCountry "GER"]
[SourceTitle "EXT 2022"]
[Source "ChessBase"]
[SourceDate "2021.10.06"]
[SourceVersion "1"]
[SourceVersionDate "2021.10.06"]
[SourceQuality "1"]

1. e4 e5 2. Bc4 Nf6 3. d3 Nc6 4. a3 d6 5. Nc3 Be7 6. h3 0-0 7. Nf3 Be6 8. Bxe6 fxe6 9. Bg5 Nd4 10. Nxd4 exd4 11. Ne2 e5 12. 0-0 h6 13. Bh4 g5 14. Bg3 Qe8 15. Bh2 Nh5 16. Ng3 Nxg3 17. Bxg3 Qg6 18. f3 Rf7 19. Qe2 Raf8 20. b4 c6 21. Bh2 h5 22. g4 Rh7 23. Bg3 Kg7 24. Kg2 Rfh8 25. Rh1 Qe6 26. Qd2 Rh6 27. Qe2 hxg4 28. fxg4 Qg6 29. Rh2 Qh7 30. Rah1 Qg8 31. Ra1 Rf6 32. Qd2 Rf7 33. Qe2 Rh6 34. Qd2 Qf8 35. Rhh1 Qc8 36. Raf1 Qe6 37. Rxf7+ Qxf7 38. Ra1 Rh8 39. Qf2 Qe8 40. Qe2 Qg6 41. Rf1 Qe6 42. Ra1 b6 43. Qd2 Re8 44. Qe2 Ra8 45. a4 a6 46. Qd2 Bf6 47. Qe1 c5 48. b5 a5 49. Qf1 Ra7 50. Qb1 Rc7 51. Qb3 c4 52. Qa2 d5 53. Re1 dxe4 54. dxe4 Qc8 55. Bf2 Qe6 56. Rd1 Kf7 57. Rd2 c3 58. Qxe6+ Kxe6 59. Rd1 Rc4 60. Ra1 Rb4 61. Kf3 Rb2 62. Rc1 Ra2 63. Ke2 Rxa4 64. Rb1 Kd6 65. Kd3 Be7 66. Bg3 Ke6 67. Bf2 Ra2 68. Bg3 Rb2 69. Ra1 Rxb5 70. Rh1 a4 71. h4 gxh4 72. Bxh4 Bxh4 73. Rxh4 a3 74. Rh1 a2 75. Ra1 Rb2 76. g5 b5 77. g6 Kf6 0-1

[Event "Daehne Cup Region III"]
[Site "Neustadt"]
[Date "2011.03.27"]
[Round "1"]
[White "Doneit, Hans Joachim"]
[Black "Kostka, Dietrich"]
[Result "0-1"]
[WhiteElo "1128"]
[BlackElo "1649"]
[PlyCount "90"]
[EventDate "2011.03.27"]
[EventType "k.o."]
[EventCountry "GER"]
[SourceTitle "EXT 2022"]
[Source "ChessBase"]
[SourceDate "2021.10.06"]
[SourceVersion "1"]
[SourceVersionDate "2021.10.06"]
[SourceQuality "1"]

1. d4 Nf6 2. Nc3 d5 3. Nf3 b6 4. g3 e6 5. Bg5 h6 6. Bxf6 Qxf6 7. e4 Bb4 8. e5 Qd8 9. a3 Be7 10. Bd3 0-0 11. h4 Nd7 12. g4 c5 13. b3 cxd4 14. Ne2 Qc7 15. Nexd4 Nxe5 16. Nxe5 Qxe5+ 17. Ne2 a5 18. f4 Qe3 19. Qd2 Qxd2+ 20. Kxd2 Bb7 21. h5 e5 22. fxe5 Bg5+ 23. Ke1 Rae8 24. Rf1 Rxe5 25. Rf5 Re3 26. Kf2 Rfe8 27. Rxg5 hxg5 28. Rh1 Bc8 29. Rg1 Rh3 30. Bf5 Bxf5 31. gxf5 Rh2+ 32. Kf1 Rexe2 33. Rxg5 Rxc2 34. Kg1 Rhd2 35. Kh1 Rd1+ 36. Rg1 Rxg1+ 37. Kxg1 Re2 38. Kf1 Re4 39. Kf2 Rf4+ 40. Ke3 Rxf5 41. Kd4 Rxh5 42. a4 Kf8 43. Kd3 Rh4 44. Kc3 Re4 45. Kd3 g5 0-1

[Event "Niedersachsen-ch Seniors op 11th"]
[Site "Bad Bevensen"]
[Date "2008.07.15"]
[Round "8"]
[White "Janzen, Christian"]
[Black "Kostka, Dietrich"]
[Result "0-1"]
[WhiteElo "1540"]
[BlackElo "1712"]
[PlyCount "60"]
[EventDate "2008.07.08"]
[EventType "swiss"]
[EventRounds "9"]
[EventCountry "GER"]
[SourceTitle "EXT 2022"]
[Source "ChessBase"]
[SourceDate "2021.10.06"]
[SourceVersion "1"]
[SourceVersionDate "2021.10.06"]
[SourceQuality "1"]

1. e4 e5 2. Nf3 Nc6 3. Bc4 Be7 4. Nc3 d6 5. h3 Nf6 6. d3 Na5 7. Bb3 0-0 8. Be3 a6 9. Ne2 Nxb3 10. axb3 c6 11. 0-0 Qc7 12. Qe1 d5 13. exd5 Nxd5 14. Nc3 Nb4 15. Qe2 Be6 16. Ng5 Bxg5 17. Bxg5 f6 18. Be3 Rfe8 19. f3 Nd5 20. Nxd5 cxd5 21. c4 Rad8 22. Rfc1 Qf7 23. Bb6 Rc8 24. c5 Bd7 25. b4 Qg6 26. Kf2 Bb5 27. Rc3 e4 28. Re1 exd3 29. Qd2 Rxe1 30. Qxe1 Re8 0-1

[Event "Niedersachsen-ch Seniors op 11th"]
[Site "Bad Bevensen"]
[Date "2008.07.13"]
[Round "6"]
[White "Kostka, Dietrich"]
[Black "Gollasch, Theo Heinz"]
[Result "0-1"]
[WhiteElo "1712"]
[BlackElo "2015"]
[PlyCount "68"]
[EventDate "2008.07.08"]
[EventType "swiss"]
[EventRounds "9"]
[EventCountry "GER"]
[SourceTitle "EXT 2022"]
[Source "ChessBase"]
[SourceDate "2021.10.06"]
[SourceVersion "1"]
[SourceVersionDate "2021.10.06"]
[SourceQuality "1"]

1. e4 d5 2. exd5 Qxd5 3. Nc3 Qd6 4. d4 Nf6 5. g3 Bg4 6. f3 Bf5 7. Bg2 Nc6 8. Nge2 e5 9. dxe5 Qxe5 10. 0-0 Rd8 11. Qe1 Bxc2 12. Nf4 Bc5+ 13. Kh1 0-0 14. Qxe5 Nxe5 15. b3 Nd3 16. Nxd3 Rxd3 17. Na4 Bb4 18. Bg5 b5 19. Rac1 Bxb3 20. Nb2 Bc4 21. Nxd3 Bxd3 22. Rg1 Bc4 23. Bf1 Bd5 24. Bg2 c5 25. Rc2 Be6 26. Bd2 Bxd2 27. Rxd2 b4 28. g4 Nd5 29. Rc1 Nc3 30. a3 a5 31. axb4 axb4 32. Bf1 Rb8 33. Rdc2 g5 34. Kg2 Kg7 0-1

[Event "Niedersachsen-ch Seniors op 11th"]
[Site "Bad Bevensen"]
[Date "2008.07.12"]
[Round "5"]
[White "Kostka, Dietrich"]
[Black "Wiermann, Gerhard"]
[Result "1-0"]
[WhiteElo "1712"]
[BlackElo "1581"]
[PlyCount "79"]
[EventDate "2008.07.08"]
[EventType "swiss"]
[EventRounds "9"]
[EventCountry "GER"]
[SourceTitle "EXT 2022"]
[Source "ChessBase"]
[SourceDate "2021.10.06"]
[SourceVersion "1"]
[SourceVersionDate "2021.10.06"]
[SourceQuality "1"]

1. e4 e5 2. Bc4 Bc5 3. Qh5 Qf6 4. Nf3 d6 5. Nc3 c6 6. d3 g6 7. Qg5 h6 8. Qxf6 Nxf6 9. h3 Be6 10. Bxe6 fxe6 11. Na4 Nbd7 12. Nxc5 Nxc5 13. Be3 Ncd7 14. 0-0-0 a6 15. Rhe1 0-0-0 16. Bd2 Rdf8 17. Re2 Rf7 18. d4 exd4 19. Nxd4 e5 20. Nb3 Ne8 21. f3 Ndf6 22. Be3 Kc7 23. c4 c5 24. Kc2 b6 25. Nc1 Nh5 26. Nd3 g5 27. Ne1 Nf4 28. Red2 Rhf8 29. a3 Rd7 30. b3 Rff7 31. Rb1 Kc6 32. Kc3 Rb7 33. Rdb2 Nc7 34. Bxf4 gxf4 35. b4 Ne6 36. bxc5 dxc5 37. Nd3 Kc7 38. Nxe5 Re7 39. Ng4 Rh7 40. Nf6 1-0

[Event "Niedersachsen-ch Seniors op 11th"]
[Site "Bad Bevensen"]
[Date "2008.07.09"]
[Round "2"]
[White "Zoll, Theobald"]
[Black "Kostka, Dietrich"]
[Result "1/2-1/2"]
[WhiteElo "1513"]
[BlackElo "1712"]
[PlyCount "95"]
[EventDate "2008.07.08"]
[EventType "swiss"]
[EventRounds "9"]
[EventCountry "GER"]
[SourceTitle "EXT 2022"]
[Source "ChessBase"]
[SourceDate "2021.10.06"]
[SourceVersion "1"]
[SourceVersionDate "2021.10.06"]
[SourceQuality "1"]

1. b3 e5 2. Bb2 d6 3. c4 Nc6 4. e3 g6 5. a3 Bg7 6. Qc2 Bf5 7. Bd3 Bxd3 8. Qxd3 Nge7 9. Nc3 0-0 10. Qc2 d5 11. cxd5 Nxd5 12. Nf3 Re8 13. d3 Qd7 14. 0-0 Rad8 15. Rfd1 Qe7 16. Ne2 Nb8 17. Rac1 c6 18. b4 Nb6 19. Qb3 h6 20. Ng3 Kh7 21. Ne4 Rd5 22. Nc5 Nc8 23. d4 e4 24. Nd2 f5 25. Na4 Red8 26. Nc3 R5d7 27. Ne2 g5 28. Ng3 Rf8 29. a4 Kg6 30. b5 Qf7 31. Nc4 h5 32. Ne5+ Bxe5 33. Qxf7+ Rfxf7 34. dxe5 Rxd1+ 35. Rxd1 Rf8 36. f4 h4 37. Ne2 g4 38. Nc3 Nb6 39. Rd4 Re8 40. Ba3 Re6 41. Rd8 N8d7 42. Kf2 Nc4 43. Rxd7 Nxa3 44. Rxb7 cxb5 45. Nxb5 Nxb5 46. axb5 Rb6 47. Rxa7 Rxb5 48. Ra2 1/2-1/2

[Event "Hannover-chB"]
[Site "Bueckeburg"]
[Date "2007.11.03"]
[Round "6"]
[White "Celik, Abdullah1111"]
[Black "Kostka, Dietrich"]
[Result "1/2-1/2"]
[WhiteElo "1705"]
[BlackElo "1733"]
[PlyCount "46"]
[EventDate "2007.11.01"]
[EventType "swiss"]
[EventRounds "7"]
[EventCountry "GER"]
[SourceTitle "EXT 2021"]
[Source "ChessBase"]
[SourceDate "2020.10.23"]
[SourceVersion "1"]
[SourceVersionDate "2020.10.23"]
[SourceQuality "1"]

1. Nf3 e6 2. d4 d5 3. c4 Bb4+ 4. Nc3 c5 5. dxc5 Bxc3+ 6. bxc3 Ne7 7. e4 dxe4 8. Qxd8+ Kxd8 9. Ng5 Ke8 10. Nxe4 Nec6 11. Nd6+ Ke7 12. Be3 Rd8 13. Be2 Na6 14. Bf3 Nab8 15. Rb1 Rd7 16. 0-0 Ne5 17. Be2 f6 18. f4 Nf7 19. Rfd1 Nxd6 20. cxd6+ Kf7 21. c5 Nc6 22. Bb5 Rd8 23. Bxc6 bxc6 1/2-1/2

[Event "Hannover-chB"]
[Site "Bueckeburg"]
[Date "2007.11.01"]
[Round "2"]
[White "Tenninger, Joerg"]
[Black "Kostka, Dietrich"]
[Result "1/2-1/2"]
[WhiteElo "1637"]
[BlackElo "1733"]
[PlyCount "109"]
[EventDate "2007.11.01"]
[EventType "swiss"]
[EventRounds "7"]
[EventCountry "GER"]
[SourceTitle "EXT 2021"]
[Source "ChessBase"]
[SourceDate "2020.10.23"]
[SourceVersion "1"]
[SourceVersionDate "2020.10.23"]
[SourceQuality "1"]

1. d4 Nf6 2. c4 e6 3. Nc3 Bb4 4. Bg5 c5 5. Bxf6 Qxf6 6. e3 cxd4 7. Qxd4 Qxd4 8. exd4 Bxc3+ 9. bxc3 b6 10. Nf3 d6 11. Bd3 Ba6 12. Kd2 h6 13. a4 Nc6 14. Rhb1 Na5 15. Rb4 Rc8 16. d5 e5 17. Nh4 g6 18. Re1 Kd8 19. Re4 f5 20. Re2 e4 21. Bc2 Bxc4 22. Re1 Rc5 23. Nxg6 Rxd5+ 24. Ke3 Rg8 25. Nf4 Re5 26. Rd1 Kc7 27. g3 Kc6 28. Kd4 Bf7 29. Ke3 Bc4 30. Kd4 Rc5 31. Ke3 Kc7 32. f3 exf3 33. Kxf3 Nc6 34. Rb2 Ne5+ 35. Kg2 Ng4 36. Re1 Kd7 37. Rbb1 Bd5+ 38. Kg1 Rf8 39. Rb5 Bc4 40. Rb4 Ne5 41. Kf2 Rf6 42. Rd1 Kc6 43. Rd4 Bf7 44. Ne2 a5 45. Rb1 Ng4+ 46. Kg1 Bc4 47. Nf4 Ne3 48. Bb3 Bxb3 49. Rxb3 Rc4 50. Rd3 Ng4 51. Nd5 Re6 52. Rxb6+ Kd7 53. Ra6 Rc5 54. Nf4 Rf6 55. Nd5 1/2-1/2

[Event "Niedersachsen-ch Seniors op 09th"]
[Site "Bad Bevensen"]
[Date "2006.06.26"]
[Round "3"]
[White "Kostka, Dietrich"]
[Black "Thielemann, Joachim"]
[Result "0-1"]
[WhiteElo "1707"]
[BlackElo "1825"]
[PlyCount "110"]
[EventDate "2006.06.24"]
[EventType "swiss"]
[EventRounds "9"]
[EventCountry "GER"]
[SourceTitle "EXT 2022"]
[Source "ChessBase"]
[SourceDate "2021.10.06"]
[SourceVersion "1"]
[SourceVersionDate "2021.10.06"]
[SourceQuality "1"]

1. e4 e5 2. Nf3 d6 3. d4 Bg4 4. dxe5 Bxf3 5. Qxf3 dxe5 6. Bc4 Qd7 7. Nc3 Nf6 8. Bg5 Be7 9. Rd1 Qc8 10. 0-0 0-0 11. Rd2 Nc6 12. a3 h6 13. Bh4 g5 14. Bg3 Nd4 15. Qd1 Bd6 16. f3 Nh5 17. Bf2 Nf4 18. Nb5 Nxb5 19. Bxb5 Qe6 20. Ba4 b6 21. Bb3 Qg6 22. Be3 Nh5 23. g3 Kh8 24. c3 Rg8 25. Kh1 Rg7 26. Bd5 Rf8 27. b4 Nf6 28. g4 Rh7 29. Kg2 h5 30. h3 Kg7 31. Kf2 Rfh8 32. Bb7 hxg4 33. hxg4 Rh3 34. Re2 R8h6 35. Qd2 Be7 36. Ke1 Ng8 37. c4 Qf6 38. Ref2 Rh1 39. c5 R6h3 40. Ke2 Rxf1 41. Rxf1 Qh6 42. Rf2 Rh1 43. Qd5 Qf6 44. Qa2 Bf8 45. Qd2 Ne7 46. Bxg5 Qg6 47. Be3 Qe6 48. Bd5 Qd7 49. cxb6 axb6 50. Qc2 Nxd5 51. exd5 Bd6 52. Rf1 Rh3 53. Bd2 Qb5+ 54. Ke1 Rh2 55. Bh6+ Rxh6 0-1